000 00374nam a2200145Ia 4500
008 230917s9999||||xx |||||||||||||| ||und||
040 _e76810
_aMAIN
041 _aEnglish
082 _a658.3 N153F
100 _aNandkarni, S S
245 4 _aThe fast track career: a medical representative
260 _aMadras
_bS S Nadkarni
_c1991
300 _axvii, 240 p.
942 _cBK
999 _c71021
_d71021